Statistiche per Alfabeto Greco

Clicka qui per fare il quiz!

Statistiche generali

  • Questo quiz è stato fatto 7.011 volte
  • Il punteggio medio è 16 su 24

Statistiche sulle risposte

LetteraTrascrizione% Corretto
Α αAlpha
100%
Β βBeta
100%
Γ γGamma
95%
Δ δDelta
94%
Ω ωOmega
84%
Ε εEpsilon
80%
Π πPi
78%
Μ μMi
72%
Ζ ζZeta
69%
Λ λLambda
66%
Θ θTheta
66%
Κ κKappa
65%
Σ σSigma
64%
Ν νNi
63%
Φ φPhi
61%
Ρ ρRho
61%
Η ηEta
57%
Ι ιIota
55%
Ο οOmicron
55%
Τ τTau
54%
Υ υUpsilon
54%
Ψ ψPsi
50%
Χ χChi
48%
Ξ ξXi
45%

Distribuzione punteggi

Percentile per numero di risposta

Percentuale di utenti per punteggio

I tuoi punteggi nel tempo

Non hai fatto questo quiz